The national strategy for the conservation of Australian's biological diversity (Registro nro. 64)

Detalles MARC
000 -CABECERA
Campo de control 00780nam a2200217 a 4500
005 - FECHA Y HORA DE LA ULTIMA TRANSACCION
Campo de control 20200104041505.0
008 - ELEMENTOS DE LONGITUD FIJA—INFORMACION GENERAL
Campo de control 140113t1996 at o fr|||| 000 0 eng d
020 ## - ISBN
ISBN 0642244278
040 ## - FUENTE DE CATALOGACIÓN
Agencia catalogadora original CO-BoIAVH
Agencia transcriptora CO-BoIAVH
041 0# - IDIOMA
Código de idioma para texto/pista de sonido o título separado Inglés
082 04 - NUMERO DE CLASIFICACION DECIMAL DEWEY
Número de clasificación 354.334
Número del ítem N27n
110 2# - ASIENTO PRINCIPAL--NOMBRE CORPORATIVO
Unidad subordinad Australia. Minister of the Commonwealth
Nombre corporativo o de jurisdicción como elemento de entrada Minister of the Commonwealth
9 (RLIN) 52219
245 04 - MENCION DE TITULO
Título The national strategy for the conservation of Australian's biological diversity
260 ## - PUBLICACION, DISTRIBUCION, ETC. (PIE DE IMPRENTA)
Lugar de publicación, distribución, etc. Australia :
Nombre del editor, distribuidor, etc. Conservation of Biogical Diversity ,
Fecha de publicación, distribución, etc. c1996.
300 ## - DESCRIPCION FISICA
Extensión 69 páginas :
Otros detalles físicos Fotografías ;
Dimensiones 30 x 21 cm.
650 #6 - ASIENTO SECUNDARIO DE MATERIA - TERMINO TEMATICO
Término temático o nombre geográfico como elemento de entrada Conservación de biodiversidad
9 (RLIN) 345
650 #6 - ASIENTO SECUNDARIO DE MATERIA - TERMINO TEMATICO
Término temático o nombre geográfico como elemento de entrada Política ambiental
9 (RLIN) 52221
650 #6 - ASIENTO SECUNDARIO DE MATERIA - TERMINO TEMATICO
Término temático o nombre geográfico como elemento de entrada Estrategias nacionales de biodiversidad
9 (RLIN) 3646
662 ## - ASIENTO SECUNDARIO DE MATERIA - JERARQUIA DEL NOMBRE DE LUGAR(
País o entidad mayor Australia
942 ## - ELEMENTOS ADICIONALES (KOHA)
Tipo de ítem Libro
Sistema de clasificación Dewey Decimal Classification
Existencias
Withdrawn status Lost status Sistema de Clasificación Damaged status No para préstamo Colección Inventariado Ubicación Permanente Ubicación actual Fecha de adquisición Fuente de Valor Valor Total Checkouts Número topográfico Inventario / Código de Barras Date last seen Ejemplar Price effective from Forma de adquisición Tipo de material Public note
    Dewey Decimal Classification     General Inventariado 2017 Bogotá Bogotá 16/12/1997 Instituto 39000.00   LB-354.334 N27n 000070 04/12/2012 Ej. 1 04/12/2012   Libro Contiene Folleto CID- 042189.
    Dewey Decimal Classification     General Inventariado 2017 Sala Fabio Quevedo Sala Fabio Quevedo 16/12/1997 Instituto 39000.00   LB-354.334 N27n 000071 04/12/2012 Ej. 2 04/12/2012   Libro